[Event "Warsaw YMCA Spring-D 92nd"]
[Site "Warsaw"]
[Date "2011.06.17"]
[Round "10"]
[White "Chmielewska, Joanna"]
[Black "Bartczak, Hanna"]
[Result "1-0"]
[WhiteElo "1675"]
[BlackElo "1682"]
[PlyCount "99"]
[EventDate "2011.04.05"]
[EventType "tourn"]
[EventRounds "13"]
[EventCountry "POL"]
[SourceTitle "EXT 2019"]
[Source "ChessBase"]
[SourceDate "2018.10.10"]
[SourceVersion "1"]
[SourceVersionDate "2018.10.10"]
[SourceQuality "1"]

1. e4 d6 2. d4 Nf6 3. Nc3 c6 4. Bd3 Qa5 5. Nge2 e5 6. 0-0 Bg4 7. Be3 Nbd7 8. Rb1 b5 9. f3 b4 10. fxg4 Nxg4 11. Qd2 bxc3 12. Nxc3 Be7 13. d5 cxd5 14. Nxd5 Bd8 15. b4 Qa4 16. Bg5 Ndf6 17. Bxf6 Nxf6 18. Nc3 Bb6+ 19. Kh1 Qa3 20. Rb3 Qxb3 21. axb3 0-0 22. Qg5 Kh8 23. Nd5 Nxd5 24. exd5 Rae8 25. Qh4 h6 26. Qe4 g6 27. Qh4 Kh7 28. Rf6 Bd8 29. h3 Kg7 30. Rxf7+ Rxf7 31. Qg4 Bg5 32. h4 Rf4 33. Qd7+ Re7 34. Qxd6 Rxh4+ 35. Kg1 e4 36. Bb5 Rf7 37. Qg3 Bd8 38. c4 Rhf4 39. c5 Bh4 40. Qc3+ Kh7 41. g3 Rg4 42. Kh2 Rf2+ 43. Kh3 Rxg3+ 44. Qxg3 Bxg3 45. Kxg3 Rf3+ 46. Kg2 Rxb3 47. c6 e3 48. c7 e2 49. Bxe2 Rc3 50. d6 1-0

[Event "Warsaw YMCA Spring-D 92nd"]
[Site "Warsaw"]
[Date "2011.04.21"]
[Round "3"]
[White "Chmielewska, Joanna"]
[Black "Woloszyn, Piotr"]
[Result "1/2-1/2"]
[WhiteElo "1675"]
[BlackElo "1681"]
[PlyCount "48"]
[EventDate "2011.04.05"]
[EventType "tourn"]
[EventRounds "13"]
[EventCountry "POL"]
[SourceTitle "EXT 2019"]
[Source "ChessBase"]
[SourceDate "2018.10.10"]
[SourceVersion "1"]
[SourceVersionDate "2018.10.10"]
[SourceQuality "1"]

1. e4 c5 2. Nf3 a6 3. d4 cxd4 4. Nxd4 Qc7 5. Nc3 e6 6. a3 Nc6 7. Be3 b5 8. Be2 Bb7 9. 0-0 Nf6 10. f3 Rc8 11. Qd2 Nxd4 12. Bxd4 Bc5 13. Rad1 0-0 14. Kh1 Bxd4 15. Qxd4 d5 16. Bd3 e5 17. Qf2 d4 18. Ne2 Rcd8 19. Ng3 g6 20. Qd2 Kh8 21. Qh6 Ng8 22. Qd2 Nf6 23. Qh6 Ng8 24. Qd2 Nf6 1/2-1/2

[Event "POL Region-ch U17 Girls"]
[Site "Lochow"]
[Date "2010.10.25"]
[Round "2.1"]
[White "Stezycka, Paulina"]
[Black "Chmielewska, Joanna"]
[Result "1/2-1/2"]
[WhiteElo "1536"]
[BlackElo "1686"]
[PlyCount "72"]
[EventDate "2010.10.23"]
[EventType "tourn"]
[EventRounds "6"]
[EventCountry "POL"]
[SourceTitle "EXT 2023"]
[Source "ChessBase"]
[SourceDate "2022.10.05"]
[SourceVersion "1"]
[SourceVersionDate "2022.10.05"]
[SourceQuality "1"]

1. e4 c5 2. Ne2 d6 3. g3 Nf6 4. Bg2 g6 5. d4 Bg7 6. 0-0 cxd4 7. Nxd4 0-0 8. Nc3 Nbd7 9. f4 Rb8 10. Kh1 a6 11. f5 Ne5 12. Bg5 Bd7 13. Qc1 Qb6 14. Nb3 Neg4 15. Qd2 Rbc8 16. h3 Ne5 17. Bxf6 Nc4 18. Qd3 Nxb2 19. Nd5 Nxd3 20. Nxb6 Bxf6 21. cxd3 Bxa1 22. Nxc8 Rxc8 23. Nxa1 Rc3 24. fxg6 hxg6 25. d4 Rxg3 26. Kh2 Rd3 27. Nb3 Ba4 28. Rb1 b5 29. d5 Kg7 30. Na5 Rd2 31. Ra1 Bc2 32. Nb3 Rd3 33. Na5 Rd2 34. Nb3 Rd3 35. Na5 Rd2 36. Nb3 Rd3 1/2-1/2

[Event "POL-chT U19 2nd League"]
[Site "Chelm Lubelski"]
[Date "2010.07.10"]
[Round "6"]
[White "Janik, Lidia"]
[Black "Chmielewska, Joanna"]
[Result "1/2-1/2"]
[WhiteElo "1608"]
[BlackElo "1704"]
[PlyCount "77"]
[EventDate "2010.07.06"]
[EventType "team-tourn"]
[EventRounds "11"]
[EventCountry "POL"]
[SourceTitle "EXT 2011"]
[Source "ChessBase"]
[SourceDate "2010.11.26"]
[SourceVersion "1"]
[SourceVersionDate "2010.11.26"]
[SourceQuality "1"]
[WhiteTeam "Katowice UKS Palac Mlodziezy U19"]
[BlackTeam "Warszawa UKS Czternastka U19"]
[WhiteTeamCountry "POL"]
[BlackTeamCountry "POL"]

1. e4 c5 2. Nf3 d6 3. d4 cxd4 4. Nxd4 Nf6 5. Nc3 g6 6. Be3 Bg7 7. f3 0-0 8. Bc4 Nc6 9. Qd2 Bd7 10. 0-0-0 Rc8 11. g4 Nxd4 12. Bxf7+ Rxf7 13. Bxd4 Qa5 14. h4 Rc4 15. Qe2 Be6 16. e5 Nxg4 17. fxg4 dxe5 18. Be3 e4 19. Bd2 Qc5 20. Rdf1 Rxc3 21. Bxc3 Bxc3 22. Rxf7 Bxb2+ 23. Kxb2 Bxf7 24. Rd1 Qb4+ 25. Kc1 Bxa2 26. Qe3 Qb1+ 27. Kd2 Qb4+ 28. Ke2 Qc4+ 29. Kf2 Qxc2+ 30. Rd2 Qc4 31. Rd8+ Kg7 32. h5 Qf7+ 33. Ke1 gxh5 34. Qg5+ Qg6 35. Qxe7+ Qf7 36. Qxe4 Be6 37. gxh5 Qf6 38. Qg2+ Kh6 39. Rd2 1/2-1/2

[Event "POL-chT U19 2nd League"]
[Site "Chelm Lubelski"]
[Date "2010.07.09"]
[Round "5"]
[White "Chmielewska, Joanna"]
[Black "Paterek, Diana"]
[Result "1-0"]
[WhiteElo "1704"]
[BlackElo "1451"]
[PlyCount "47"]
[EventDate "2010.07.06"]
[EventType "team-tourn"]
[EventRounds "11"]
[EventCountry "POL"]
[SourceTitle "EXT 2011"]
[Source "ChessBase"]
[SourceDate "2010.11.26"]
[SourceVersion "1"]
[SourceVersionDate "2010.11.26"]
[SourceQuality "1"]
[WhiteTeam "Warszawa UKS Czternastka U19"]
[BlackTeam "Radom UKS MDK U19"]
[WhiteTeamCountry "POL"]
[BlackTeamCountry "POL"]

1. e4 c5 2. Nf3 Nc6 3. Bb5 e6 4. 0-0 Nge7 5. Re1 Qb6 6. Nc3 Nd4 7. Bf1 Nec6 8. d3 Be7 9. e5 0-0 10. Nd2 d5 11. exd6 Bxd6 12. Nc4 Qc7 13. Nxd6 Qxd6 14. Ne4 Qe7 15. c3 Nf5 16. Qh5 b6 17. Bg5 f6 18. Bd2 Nd6 19. Rad1 e5 20. d4 cxd4 21. cxd4 Nxd4 22. Bb4 Rd8 23. Nxd6 Rxd6 24. Rxd4 1-0

[Event "Milanowek-ch"]
[Site "Milanowek"]
[Date "2010.07.03"]
[Round "8"]
[White "Cyra, Dariusz"]
[Black "Chmielewska, Joanna"]
[Result "1-0"]
[WhiteElo "1874"]
[BlackElo "1691"]
[PlyCount "61"]
[EventDate "2010.06.26"]
[EventType "swiss"]
[EventRounds "9"]
[EventCountry "POL"]
[SourceTitle "EXT 2011"]
[Source "ChessBase"]
[SourceDate "2010.11.26"]
[SourceVersion "1"]
[SourceVersionDate "2010.11.26"]
[SourceQuality "1"]

1. d4 d5 2. c4 c6 3. Nc3 Nf6 4. Nf3 dxc4 5. a4 Bf5 6. e3 e6 7. Bxc4 Bb4 8. 0-0 0-0 9. Qb3 Qe7 10. Ne5 a5 11. f3 Bg6 12. e4 Nbd7 13. Bg5 Nxe5 14. dxe5 Qc5+ 15. Kh1 Qxe5 16. Be3 Qc7 17. Ne2 Bd6 18. h3 Nh5 19. Bb6 Qe7 20. Qe3 Rfc8 21. e5 Bxe5 22. Qxe5 Qb4 23. Qc5 Qxb2 24. Ra2 Qf6 25. Rd2 Bf5 26. g4 Qh6 27. Qe3 g5 28. gxh5 Qxh5 29. Ng1 Re8 30. Qe5 Kf8 31. Qh8+ 1-0

[Event "Warsaw Ursus op 4th"]
[Site "Warsaw"]
[Date "2010.06.06"]
[Round "9"]
[White "Chmielewska, Joanna"]
[Black "Kucharski, Jacek"]
[Result "1-0"]
[WhiteElo "1691"]
[BlackElo "1369"]
[PlyCount "43"]
[EventDate "2010.05.29"]
[EventType "swiss"]
[EventRounds "9"]
[EventCountry "POL"]
[SourceTitle "CBM 136 Extra"]
[Source "ChessBase"]
[SourceDate "2010.07.02"]
[SourceVersion "2"]
[SourceVersionDate "2010.07.15"]
[SourceQuality "1"]

1. e4 e6 2. d4 d5 3. Nc3 Bb4 4. exd5 Bxc3+ 5. bxc3 exd5 6. Bd3 Ne7 7. Qh5 h6 8. Ne2 Nd7 9. 0-0 Nf6 10. Qe5 0-0 11. Qg3 Nh5 12. Qf3 Nf6 13. h3 Ng6 14. Ng3 Nh4 15. Qd1 Be6 16. f4 Qc8 17. f5 Bd7 18. Nh5 Kh7 19. Nxf6+ gxf6 20. Qh5 Nxf5 21. Bxf5+ Bxf5 22. Rxf5 1-0

[Event "Warsaw YMCA Spring-A 78th"]
[Site "Warsaw"]
[Date "2010.05.04"]
[Round "5"]
[White "Wilczynski, Adam"]
[Black "Chmielewska, Joanna"]
[Result "1/2-1/2"]
[WhiteElo "1746"]
[BlackElo "1734"]
[PlyCount "67"]
[EventDate "2010.04.06"]
[EventType "tourn"]
[EventRounds "13"]
[EventCountry "POL"]
[SourceTitle "EXT 2011"]
[Source "ChessBase"]
[SourceDate "2010.11.26"]
[SourceVersion "1"]
[SourceVersionDate "2010.11.26"]
[SourceQuality "1"]

1. c4 Nf6 2. g3 d5 3. cxd5 Nxd5 4. Bg2 e5 5. Nf3 Nc6 6. 0-0 Be7 7. d4 exd4 8. Nxd4 0-0 9. Nb5 Ndb4 10. N1c3 a6 11. Na3 Bf5 12. Bf4 Re8 13. Nd5 Nxd5 14. Qxd5 Qxd5 15. Bxd5 Bf6 16. e4 Bxe4 17. Bxe4 Rxe4 18. Rab1 Ne5 19. Nc2 Nf3+ 20. Kg2 Rxf4 21. gxf4 Nd2 22. b3 Nxb1 23. Rxb1 Rd8 24. Re1 g6 25. Re2 Bc3 26. Ne3 Kg7 27. Rc2 Bd2 28. Kf3 Rd7 29. Ke2 Bb4 30. Nc4 Rd5 31. Ne3 Rd7 32. Nc4 Rd5 33. Ne3 Rd7 34. Nc4 1/2-1/2

[Event "Warsaw YMCA Winter-D 71st"]
[Site "Warsaw"]
[Date "2010.01.20"]
[Round "3"]
[White "Woloszyn, Piotr"]
[Black "Chmielewska, Joanna"]
[Result "1-0"]
[WhiteElo "1782"]
[BlackElo "1734"]
[PlyCount "55"]
[EventDate "2010.01.05"]
[EventType "tourn"]
[EventRounds "13"]
[EventCountry "POL"]
[SourceTitle "EXT 2011"]
[Source "ChessBase"]
[SourceDate "2010.11.26"]
[SourceVersion "1"]
[SourceVersionDate "2010.11.26"]
[SourceQuality "1"]

1. e4 e6 2. d4 d5 3. exd5 exd5 4. Bd3 Bd6 5. Ne2 Qh4 6. c3 Ne7 7. Qc2 Nbc6 8. Be3 Bg4 9. Nd2 0-0-0 10. 0-0-0 Rhf8 11. f3 Bh5 12. Ng3 Bg6 13. Nf5 Nxf5 14. Bxf5+ Kb8 15. g3 Qf6 16. Bxg6 hxg6 17. f4 Rde8 18. Rde1 Ne7 19. Nf3 Nf5 20. Bf2 c6 21. Ne5 Qd8 22. Qb3 Qc7 23. Nd3 f6 24. Kb1 Re7 25. Rxe7 Bxe7 26. Re1 Nd6 27. Nc5 Rh8 28. Na6+ 1-0